000 00606nam a2200205Ia 4500
003 GCL
008 140319s9999 xx 000 0 ara d
040 _aGCL /
_cGCL
082 0 4 _a808.83
_bم أ
100 1 _aعبدالرحمن بدوى
245 1 0 _aال يوديزول /
_cعبدالرحمن بدوى
700 1 _aمحمود ابراهيم الدسوقى
700 1 _aمان, توماس
300 _a320 ص
490 _aكتاب
_v0
650 0 4 _aالادب
650 0 4 _aالادب العالمى المترجم
650 0 4 _aالقصص العالمية المترجمة
942 _2ddc
_cBK
999 _c42504
_d42504